| 000 | 01282nam a2200289 4500 | ||
|---|---|---|---|
| 001 | 0000014180 | ||
| 003 | CO-CtgCURN | ||
| 005 | 20250507211731.0 | ||
| 008 | 160627s1994 000 0 eng d | ||
| 020 | _a9681643879 | ||
| 040 |
_aCO-CtgCURN _bspa _ccoctgcurn |
||
| 082 | 0 |
_a333.72 _bD46 |
|
| 245 | 1 | 3 |
_aLa diplomacia ambiental : _bMexico y la conferencias de las Naciones Unidas sobre medio ambiente y desarrollo / _ccompiladores Alberto Glender y Victor Lichtinger. |
| 260 |
_aMexico : _bSecretaria de Relaciones Exteriores, _c1994. |
||
| 300 | _a431 p. | ||
| 336 | _2rdacontent | ||
| 337 |
_2rdamedia _asin mediacion _bn |
||
| 338 |
_2rdacarrier _avolumen _bnc |
||
| 490 | 1 | _aSección de Obras de Política y Derecho | |
| 504 | _aBibliografia(p. 422-423) | ||
| 505 | 8 | _aDesarrollo sostenible.--El medio ambiente: Mexico en le contexto mundial internacional.--El ambiente y la salud humana.--Pobreza y medio ambiente.--La organizacion no gubernamentales y el desarrollo sustentable.--Diplomacia ambiental | |
| 650 | 0 |
_aMedio ambiente _xEnsayos, conferencias, etc _zMexico. |
|
| 700 | 1 |
_aGlender, Alberto _aLichtinger, Victor, comp. |
|
| 908 | _a160627 | ||
| 942 |
_cBK _h333.72 _iD46 _2ddc _n0 |
||
| 999 |
_c18378 _d18378 |
||